Central Library OPAC University of Rajshahi

শাশ্বত বঙ্গ / (Record no. 44991)

MARC details
000 -LEADER
fixed length control field 00919nam a22002537a 4500
001 - CONTROL NUMBER
control field 44991
003 - CONTROL NUMBER IDENTIFIER
rucl marc code BD-RjUL
005 - DATE AND TIME OF LATEST TRANSACTION
control field 20211209053939.0
008 - FIXED-LENGTH DATA ELEMENTS--GENERAL INFORMATION
fixed length control field 160721s1951 ii ||||| |||| 001 0 ben d
020 ## - INTERNATIONAL STANDARD BOOK NUMBER
Terms of availability : TK 5.00
035 ## - SYSTEM CONTROL NUMBER
System control number (BD-RjUL)45109
040 ## - CATALOGING SOURCE
Original cataloging agency BD-RjUL
Language of cataloging ben
Transcribing agency BD-RjUL
041 ## - LANGUAGE CODE
Language code of text/sound track or separate title ben
082 ## - DEWEY DECIMAL CLASSIFICATION NUMBER
Edition number 23
Classification number 891.4408
Author mark and year ODS 1951
100 1# - MAIN ENTRY--PERSONAL NAME
Personal name ওদুদ, কাজী আবদুল
9 (RLIN) 126192
245 10 - TITLE STATEMENT
Title শাশ্বত বঙ্গ /
Statement of responsibility, etc. কাজী আবদুল ওদুদ
250 ## - EDITION STATEMENT
Edition statement ১ম সং
260 ## - PUBLICATION, DISTRIBUTION, ETC. (IMPRINT)
Place of publication, distribution, etc. কলিকাতা :
Name of publisher, distributor, etc. কাজী খুরশীদ বখত,
Date of publication, distribution, etc. ১৯৫১
300 ## - PHYSICAL DESCRIPTION
Pagination ৫০৫ পৃ. ;
Size ২১ সেমি.
500 ## - GENERAL NOTE
General note নির্দেশিকা সংযুক্ত
650 ## - SUBJECT ADDED ENTRY--TOPICAL TERM
Topical term or geographic name as entry element বাংলা সাহিত্য
General subdivision সংগ্রহ
9 (RLIN) 122902
Topical term or geographic name as entry element Bengali Literature
General subdivision Collection
9 (RLIN) 122903
942 ## - ADDED ENTRY ELEMENTS (KOHA)
Source of classification or shelving scheme Dewey Decimal Classification
Koha item type Books
Holdings
Lost status Source of classification or shelving scheme Damaged status Not for loan Collection code Permanent Location Current Location Shelving location Date acquired Source of acquisition Cost, normal purchase price Total Checkouts Full call number Date last seen Date checked out Copy number Koha item type
  Dewey Decimal Classification     Non-fiction Central Library, University of Rajshahi Central Library, University of Rajshahi   25/05/1983 RUCL 5.00 2 B 891.4408 ODS 1951 09/07/2019 08/07/2019 C-2 Books
  Dewey Decimal Classification   Not For Loan Non-fiction Central Library, University of Rajshahi Central Library, University of Rajshahi Reading Room 02/09/1984 DU     B 891.4408 ODS 1951 23/02/2017   C-1 Books